| 000 | 00901cab a2200277 4500 | ||
|---|---|---|---|
| 001 | WB3239-55 | ||
| 008 | 090401t1996 xxu||||| |||| 00| 0 eng d | ||
| 035 | _a(Sirsi) u27640 | ||
| 041 | _aeng | ||
| 245 | _aPoint West case collapses | ||
| 260 | _c1996 | ||
| 350 | _a0 | ||
| 490 |
_aEstates Gazette _v(9641) 12 October 1996, 47 |
||
| 520 | _aThe Point West case, involving 11 parties in litigation concerning allegations of failure to carry out due dilligence in establishing clean title of development land, has been settled out of court. | ||
| 650 | _aBANQUE BRUXELLES LAMBERT | ||
| 650 | _aDUE DILIGENCE | ||
| 650 | _aJOHN D WOOD | ||
| 650 | _aNEGLIGENCE | ||
| 650 | _aPOINT WEST DEVELOPMENTS | ||
| 650 | _aSIMMONS AND SIMMONS | ||
| 650 | _aSOLICITORS | ||
| 650 | _aTITLE | ||
| 690 | _aMANAGEMENT-BUSINESS MANAGEMENT-PROFESSIONAL PRACTICE | ||
| 942 | _n0 | ||
| 948 | _c04/03/1997 | ||
| 999 |
_c18611 _d18611 |
||